|
|
|
|
| LEADER |
01046nam a22003017a 4500 |
| 001 |
30347 |
| 003 |
BD-DhAAL |
| 005 |
20151104152307.0 |
| 008 |
150906s2002 bg a|||| |||| 00| 0 eng d |
| 040 |
|
|
|a BD-DhAAL
|c BD-DhAAL
|
| 082 |
|
|
|2 22
|a 307.1412095492
|
| 999 |
|
|
|c 36039
|d 36039
|
| 999 |
|
|
|c 36029
|
| 999 |
|
|
|c 36026
|
| 999 |
|
|
|c 35433
|
| 100 |
|
|
|a Naher, Firdousi
|9 15967
|
| 245 |
|
|
|a To produce or not to produce :
|c Firdousi Naher
|b tackling the tobacco dilemma 23 /
|
| 260 |
|
|
|a Dhaka :
|b Research and Evaluation Division, BRAC,
|c 2002
|
| 300 |
|
|
|a 37 p. :
|b ill. ;
|c 25 cm.
|
| 440 |
|
|
|a research monograph series
|n 23
|9 15968
|
| 541 |
|
|
|e 30347
|
| 610 |
|
|
|a BRAC
|9 14405
|
| 650 |
|
|
|a Rural Development
|z Bangladesh
|9 14406
|
| 700 |
|
|
|a Chowdhury, AMR
|9 15991
|
| 710 |
|
|
|a BRAC
|9 14405
|
| 852 |
|
|
|a Ayesha Abed Library
|c BRAC Resource Section
|
| 942 |
|
|
|2 ddc
|c BK
|
| 952 |
|
|
|0 0
|1 0
|2 ddc
|4 0
|6 307_141209549200000_NAH
|7 0
|9 56625
|a BRACUL
|b BRACUL
|c BRS
|d 2015-11-04
|e BRAC
|l 1
|o 307.1412095492 NAH
|p 3010030347
|r 2023-05-24
|s 2023-04-27
|t 1
|w 2015-11-04
|y BK
|